000 00598nam a2200217Ia 4500
005 20250508162926.0
008 008 250505s9999 xx 000 0 eng d
020 _a0-395-35804-3
037 _aTextual
040 _aFEDL
_beng
_cFEDL
041 _aeng
_2eng
084 _a370, ORN
_qFEDL
100 _aOrnstein Allan C.
_9276110
245 0 _aIntroduction to the foundations of education
250 _a3rd
260 _aBoston, USA
_bHoughton Mifflin Company
_c1984
300 _axvii,557p.
650 _aEducation
942 _cTEXL
_h370, ORN
999 _c1379469
_d1379469